A biblical concept on altar and its implication to the practices of visible altar among the local churches in EBC (Record no. 9564)
[ view plain ]
| 000 -LEADER | |
|---|---|
| fixed length control field | 00477nam a22001577a 4500 |
| 003 - CONTROL NUMBER IDENTIFIER | |
| control field | GBCCL |
| 005 - DATE AND TIME OF LATEST TRANSACTION | |
| control field | 20241126110714.0 |
| 008 - FIXED-LENGTH DATA ELEMENTS--GENERAL INFORMATION | |
| fixed length control field | 230315b ||||| |||| 00| 0 eng d |
| 040 ## - CATALOGING SOURCE | |
| Transcribing agency | GBC |
| 082 ## - DEWEY DECIMAL CLASSIFICATION NUMBER | |
| Classification number | ARCH GBC-2022 |
| Item number | NAU |
| 100 ## - MAIN ENTRY--PERSONAL NAME | |
| Personal name | Naulak, NK |
| 9 (RLIN) | 16635 |
| 245 ## - TITLE STATEMENT | |
| Title | A biblical concept on altar and its implication to the practices of visible altar among the local churches in EBC |
| 260 ## - PUBLICATION, DISTRIBUTION, ETC. | |
| Place of publication, distribution, etc. | New Lamka : |
| Name of publisher, distributor, etc. | Grace Bible College, |
| Date of publication, distribution, etc. | 2022. |
| 300 ## - PHYSICAL DESCRIPTION | |
| Extent | 47p. ; |
| 942 ## - ADDED ENTRY ELEMENTS (KOHA) | |
| Source of classification or shelving scheme | Dewey Decimal Classification |
| Koha item type | Thesis |
| Withdrawn status | Lost status | Source of classification or shelving scheme | Damaged status | Not for loan | Home library | Current Library | Shelving location | Date acquired | Total checkouts | Full call number | Barcode | Date last seen | Copy number | Price effective from | Koha item type |
|---|---|---|---|---|---|---|---|---|---|---|---|---|---|---|---|
| Dewey Decimal Classification | GRACE BIBLE COLLEGE | GRACE BIBLE COLLEGE | Archives | 2023-03-15 | ARCH GBC-2022 NAU | 025181 | 2025-05-01 | c.1 | 2023-03-15 | Thesis |